000 00604nam a22001937a 4500
005 20251124143218.0
010 _aENG-147129
020 _a9789393662361
_c550.00
035 _aEN-1230661
037 _bDBAD
082 _a617.7
_23
100 _aGhosh, Asim Kumar
_985742
245 _aQuest:
_bA COMPREHENSIVE GUIDE TO UG OPTHALMOLOGY/
_cAsim Kumar Ghosh: Soumyadeep Majumder [and] Purban Ganguly
250 _a3
260 _aKolkata
_bAcademic publishers
_c2023
270 _aAcademic publishers
_bKolkata
_e700073
300 _a438p.
_c24cm(pb)
942 _2ddc
_cEN
_h616.07
_mGHO
999 _c213817
_d213817